[Event "NED-chT Meesterklasse 2018-19"]
[Site "Netherlands"]
[Date "2018.09.15"]
[Round "1"]
[White "Van der Poel, Henk"]
[Black "Zwirs, Nico"]
[Result "0-1"]
[WhiteElo "2230"]
[BlackElo "2407"]
[Annotator "ChessBase"]
[PlyCount "92"]
[EventDate "2018.09.15"]
[EventType "team-tourn"]
[EventCountry "NED"]
[SourceTitle "playchess.com"]
[Source "ChessBase"]
[SourceQuality "1"]
[TimeControl "40/5400+30:1800+30"]

1. e4 {[%emt 0:00:00]} c5 {[%emt 0:00:00]} 2. Nf3 {[%emt 0:00:00]} Nc6 {[%emt 0:00:00]} 3. Bb5 {[%emt 0:02:00]} d6 {[%emt 0:00:00]} 4. O-O {[%emt 0:00:26]} Bd7 {[%emt 0:00:00]} 5. Re1 {[%emt 0:00:59]} Nf6 {[%emt 0:00:00]} 6. c3 {[%emt 0:00:43]} a6 {[%emt 0:00:19]} 7. Bf1 {[%emt 0:00:16]} Bg4 {[%emt 0:00:19]} 8. h3 {[%emt 0:00:17]} Bxf3 {[%emt 0:00:04]} 9. Qxf3 {[%emt 0:00:09]} g6 {[%emt 0:02:12]} 10. d3 {[%emt 0:02:08]} Bg7 {[%emt 0:00:10]} 11. Nd2 {[%emt 0:01:02]} O-O {[%emt 0:00:06]} 12. Qe2 {[%emt 0:02:37]} b5 {[%emt 0:01:08]} 13. Nf3 {[%emt 0:02:25]} Nd7 {[%emt 0:00:49]} 14. g3 {[%emt 0:12:40]} Nb6 {[%emt 0:07:37]} 15. Bg2 {[%emt 0:04:19]} Rb8 {[%emt 0:01:15]} 16. Be3 {[%emt 0:05:29]} Na4 {[%emt 0:15:51]} 17. d4 {[%emt 0:03:26]} Qb6 {[%emt 0:07:48]} 18. dxc5 {[%emt 0:11:51]} dxc5 {[%emt 0:01:45]} 19. Qc2 {[%emt 0:00:14]} Qa5 {[%emt 0:10:15]} 20. a3 {[%emt 0:16:43]} Rfc8 {[%emt 0:03:18]} 21. h4 {[%emt 0:04:48]} Qc7 {[%emt 0:13:52]} 22. Rad1 {[%emt 0:05:37]} c4 {[%emt 0:06:57]} 23. Rd2 {[%emt 0:02:10]} Ne5 {[%emt 0:03:55]} 24. Nxe5 {[%emt 0:00:24]} Bxe5 {[%emt 0:00:05]} 25. h5 {[%emt 0:06:41]} Rd8 {[%emt 0:06:54]} 26. hxg6 {[%emt 0:01:57]} hxg6 {[%emt 0:00:01]} 27. Red1 {[%emt 0:00:14]} Rxd2 {[%emt 0:03:15]} 28. Rxd2 {[%emt 0:00:20]} Rd8 {[%emt 0:05:37]} 29. Rxd8+ {[%emt 0:04:56]} Qxd8 {[%emt 0:00:01]} 30. Bf1 {[%emt 0:00:08]} Qc7 {[%emt 0:00:26]} 31. Qd2 {[%emt 0:03:14]} a5 {[%emt 0:05:29]} 32. Be2 {[%emt 0:04:23]} b4 {[%emt 0:03:00]} 33. axb4 {[%emt 0:00:10]} axb4 {[%emt 0:00:02]} 34. cxb4 {[%emt 0:02:07]} Nxb2 {[%emt 0:00:25]} 35. Bc5 {[%emt 0:00:54]} Nd3 {[%emt 0:02:26]} 36. Bxd3 {[%emt 0:00:24]} Qd7 {[%emt 0:00:18]} 37. Be3 {[%emt 0:01:11]} cxd3 {[%emt 0:00:03]} 38. f4 {[%emt 0:00:33]} Ba1 {[%emt 0:00:29]} 39. Kf2 {[%emt 0:00:28]} e5 {[%emt 0:01:59]} 40. Ke1 {[%emt 0:01:00]} Qb5 {[%emt 0:00:48]} 41. Kf2 {[%emt 0:09:19]} Qc4 {[%emt 0:01:54]} 42. Qc1 {[%emt 0:00:36]} Qa2+ {[%emt 0:05:02]} 43. Bd2 {[%emt 0:02:26]} Bb2 {[%emt 0:05:39]} 44. Qc8+ {[%emt 0:02:09]} Kg7 {[%emt 0:00:10]} 45. Ke3 {[%emt 0:01:58]} Qb1 {[%emt 0:04:55]} 46. Qd7 {[%emt 0:00:26]} Bd4+ {[%emt 0:00:11]} 0-1